Régimen tributario mexicano : enero 2009-enero 2010 /

La colección Sistema de Eruditos Prácticos ofrece, en diversos ámbitos del derecho, compilaciones de leyes mexicanas comentadas, para una fácil y rápida referencia sobre cada rama, actualizadas a través de folletos. En cada caso, se cuenta con la posibilidad de consultar las últimas modificaciones e...

Olles dieđut

Furkejuvvon:
Bibliográfalaš dieđut
Searvvušdahkki: México
Eará dahkkit: Delgado Carrillo, Fortino (comentarios) (comentarios), Hernández Peña, Francisco Javier (comentarios) (comentarios), Segovia Jiménez, Juan Manuel (actualización) (actualización)
Materiálatiipa: Elektrovnnalaš
Giella:espánnjágiella
Almmustuhtton: México : Legis, 2009, c2009
Preanttus:4a edición
Ráidu:(Sistema de Eruditos Prácticos Legis)
Fáttát:
Fáddágilkorat: Lasit fáddágilkoriid
Eai fáddágilkorat, Lasit vuosttaš fáddágilkora!

MARC

LEADER 00000nmm^a2200000^a^4500
001 000290223
005 20250521000000.0
009 20260310112003.688
020 |a 978-607-7531-06-7 
037 |a Acervo ITESO - Biblioteca 
041 |a ESP 
082 |a 343. 7204  |b MEX 2009 
110 |a México 
240 1 1 |a [Ley del Impuesto sobre la Renta] 
240 1 1 |a [Ley del Impuesto Empresarial a Tasa Unica] 
240 1 1 |a [Ley del Impuesto a los Depósitos en Efectivo] 
240 1 1 |a [Ley del Impuesto al Valor Agregado] 
240 1 1 |a [Código Fiscal de la Federación] 
245 1 0 |a Régimen tributario mexicano :  |b enero 2009-enero 2010 /  |c Comentarios de F. Delgado Carrillo, F.J. Hernández Peña ; act. de J.M. Segovia Jiménez. 
250 |a 4a edición 
264 4 |a México :  |b Legis,  |c 2009, c2009 
300 |a 1 libro electrónico en disco 
300 |a 1 disco compacto de computadora 
336 |a datos para computadora  |b cod  |2 rdacontenido 
337 |a computadora  |b c  |2 rdamedio 
338 |a disco de computadora  |b cd  |2 rdasoporte 
440 1 |a (Sistema de Eruditos Prácticos Legis) 
520 |a La colección Sistema de Eruditos Prácticos ofrece, en diversos ámbitos del derecho, compilaciones de leyes mexicanas comentadas, para una fácil y rápida referencia sobre cada rama, actualizadas a través de folletos. En cada caso, se cuenta con la posibilidad de consultar las últimas modificaciones en línea, en SECOBI, donde cuentan con la clave de acceso (en la tarjeta plástica); asimismo, también en SECOBI, se puede consultar la edición electrónica de cada libro, disponible en un disco compacto. Contenido de este volumen: 1. Ley del Impuesto sobre la Renta; 2. Ley del Impuesto Empresarial a Tasa Unica; 3. Ley del Impuesto a los Depósitos en Efectivo; 4. Ley del Impuesto al Valor Agregado; 5. Código Fiscal de la Federación; 6. Normas complementarias; 7. Acuerdos y convenios internacionales; 8. Resolución miscelánea fiscal antecedentes; 9. Resolución miscelánea fiscal 2006; 10. Resolución miscelánea fiscal 2007. 
530 |a Existe una edición en formato impreso con el mismo título 
649 |a XX 
650 |a Tratados Internacionales -  |z México -  |x Leyes y Reglamentos 
650 |a Impuestos -  |z México 
650 |a Depósitos Bancarios -  |z México -  |x Leyes y Reglamentos 
650 |a IETU -  |z México -  |x Leyes y Reglamentos 
650 |a Impuestos sobre la Renta -  |z México -  |x Leyes y Reglamentos 
650 |a Finanzas Públicas -  |z México -  |x Leyes y Reglamentos 
650 |a Derecho Fiscal -  |z México -  |x Leyes y Reglamentos -  |x Tema Principal 
650 |a Derecho Financiero -  |z México -  |x Leyes y Reglamentos 
650 |a Derecho Administrativo -  |z México -  |x Leyes y Reglamentos 
650 |a Derecho Público -  |z México -  |x Leyes y Reglamentos 
700 |a Delgado Carrillo, Fortino  |e (comentarios) 
700 |a Hernández Peña, Francisco Javier  |e (comentarios) 
700 |a Segovia Jiménez, Juan Manuel  |e (actualización) 
910 |a Fondo General 
920 |a Electrónicos - Recursos en Disco 
905 |a 207 
901 |a 0500177099  |b IT2  |c SWB  |u 20250521 
902 |a https://opac.biblio.iteso.mx/vufind/Record/000290223